| 000 | 01847cam a2200445 4500 | ||
|---|---|---|---|
| 003 | PE-LiUPU | ||
| 005 | 20250731173449.0 | ||
| 020 | _a8472285316 | ||
| 035 | _a(Sirsi) i9788472285316 | ||
| 035 | _a(Sirsi) 16540 | ||
| 035 | _a(Sirsi) 16540 | ||
| 041 | _aes | ||
| 044 | _aes | ||
| 082 | 0 | 4 |
_a262.1 _bL37 |
| 100 | 1 |
_aBeall, James Lee _eautor |
|
| 245 | 1 | 3 |
_aEl Pastor, líder del rebaño / _cJames Lee. |
| 264 | 1 |
_aBarcelona : _bCLIE, _c1988 |
|
| 300 |
_a249 páginas ; _c17 cm. |
||
| 500 | _aTraducción de: Your pastor, your shephard | ||
| 505 | 0 | _aDios es un pastor -- Jesús como Obispo -- La fuente de toda autoridad -- De modo que quiere ser un pastor? -- El pastor es más que un predicador -- Servir, y !con ganas! -- !Hay que vigilar la puerta! -- Cómo tendría que ser el redil -- Alimenta el rebaño de Dios -- Somos una comunidad -- Peleando por el agua -- !Sácatelo de encima! -- Curando a las ovejas lastimadas -- Las ovejas necesitan un líder Gobierno.-Qué es? -- El don del gobierno -- La voz del pastor-El gozo del trasquileo Invitando o esparciendo Dios inicia el cambio en los rediles.Como pasan a ser pastores las ovejas | |
| 526 | _aSEG42 | ||
| 526 | _aSEG41 | ||
| 526 | _aSEG40 | ||
| 526 | _aSEG39 | ||
| 526 | _aP94 | ||
| 526 | _aP87 | ||
| 526 | _aP86 | ||
| 526 | _aP85 | ||
| 526 | _aP77 | ||
| 526 | _aP76 | ||
| 526 | _aP35 | ||
| 650 |
_aTeología pastoral _2embne _91381 |
||
| 700 | 1 | _aBarber, Marjorie | |
| 942 |
_2ddc _cBOOK |
||
| 949 |
_a262.1 L37 _i39558 _lPOSTGRADO _mBUL _tLIBRO _o.STAFF. Posgrado |
||
| 859 |
_q39558 _h262.1 _iL37 |
||
| 596 | _a1 | ||
| 999 |
_a262.1 L37 _wDEWEY _c57469 _i39558 _f2021-11-10 _g5 _lCCODEBUL1 _mBUL _r0 _sY _tBOOK _u2015-6-16 _xTEOLOGIA _zUNKNOWN _0COMPRA _o.STAFF. Colección General _d57469 |
||
| 980 |
_81 _gALBERTO SANCHEZ Responsable de Automatización |
||